Základní kurs současné čínštiny / 3. /

Hlavní autor: Vochala, Jaromír, 1927-
Korporativní autor: Univerzita Karlova. Filozofická fakulta
Další autoři: Vochalová, Žu-čen, 1934-1998
Jazyk: Čínština
Čeština
Vydáno: Praha : Státní pedagogické nakladatelství, 1988
Vydání: 2. vyd.
Edice: Učební texty vysokých škol
Témata:
Fyzický popis: 190 s.
Knihy
Uloženo v:
LEADER 01279nam a22003372a 4500
001 000124081
003 CZ BrMZK
005 20071116062906.0
007 ta
008 970107s1988 xr f cze d
015 |a cnb000040193 
035 |a (OCoLC)39419913 
040 |a BOA001  |b cze 
041 0 |a cze  |a chi 
080 9 |a 809.51 
100 1 |a Vochala, Jaromír,  |d 1927-  |7 jk01150312  |4 aut 
245 1 0 |a Základní kurs současné čínštiny /  |p 3. /  |c Jaromír Vochala, Žu-čen Vochalová 
250 |a 2. vyd. 
260 |a Praha :  |b Státní pedagogické nakladatelství,  |c 1988 
300 |a 190 s. 
490 1 |a Učební texty vysokých škol 
550 |a Vyd.: Univerzita Karlova, Filozofická fakulta 
700 1 |a Vochalová, Žu-čen,  |d 1934-1998  |7 jk01150314 
710 2 |a Univerzita Karlova.  |b Filozofická fakulta  |7 kn20010710340 
810 2 |a Univerzita Karlova.  |b Filozofická fakulta.  |t Učební texty  |0 s 
910 |a BOA001  |b PK-N-0027.030,3  |b 4-0930.949,3 
964 |a Čínština - učebnice - školy vysoké 
990 |a BK 
991 |b 200711 
996 7 |b 2619928668  |c 4-0930.949,3  |l MZK  |r Sklad / do 1 hodiny  |n 2  |w 000124081  |u 000020  |a 1  |e BOA001  |j MZK50  |s A 
996 7 |b 3119956564  |c PK-N-0027.030/3  |l MZK  |r Sklad / do 1 hodiny  |n 5  |w 000124081  |u 000010  |a 1  |e BOA001  |j MZK50  |s A